[Event "SVK-chT2C 1819"]
[Site "Slovakia"]
[Date "2018.11.18"]
[Round "4.1"]
[White "Zvarik, Martin"]
[Black "Kralovic, Andrej"]
[Result "0-1"]
[WhiteElo "2329"]
[BlackElo "2241"]
[PlyCount "120"]
[EventDate "2018.10.13"]
[EventType "team-tourn"]
[EventRounds "11"]
[EventCountry "SVK"]
[SourceTitle "CBM 187 Extra"]
[Source "ChessBase"]
[SourceDate "2018.11.04"]
[SourceVersion "1"]
[SourceVersionDate "2018.11.04"]
[SourceQuality "1"]
[WhiteTeam "Zilina Mladost II"]
[BlackTeam "Zvolen Slavia"]
[WhiteTeamCountry "SVK"]
[BlackTeamCountry "SVK"]

1. e4 e5 2. Nf3 Nc6 3. Bb5 Nf6 4. d3 Bc5 5. Nc3 0-0 6. Bg5 Be7 7. 0-0 d6 8. h3 h6 9. Be3 Bd7 10. a4 Re8 11. d4 a6 12. Bc4 exd4 13. Nxd4 Bf8 14. Bd3 Nb4 15. Bc4 c5 16. Nde2 Nxe4 17. Nd5 Nxd5 18. Qxd5 Be6 19. Qxe4 d5 20. Bxd5 Bxd5 21. Qd3 Be4 22. Qc4 Qd6 23. Ng3 Bd5 24. Qg4 Qg6 25. Qxg6 fxg6 26. Rfd1 Rad8 27. Rd2 Bc6 28. Nf1 Kf7 29. b3 Be7 30. Rad1 c4 31. Rd4 cxb3 32. cxb3 Rxd4 33. Rxd4 Rd8 34. Nd2 Rxd4 35. Bxd4 Bd5 36. Bc3 Bf6 37. Bxf6 Kxf6 38. f4 Ke6 39. Kf2 Kd6 40. b4 a5 41. bxa5 Kc5 42. g4 Kb4 43. Ke3 Kxa5 44. Kd4 Bg2 45. h4 Kxa4 46. Nb1 b5 47. Kc3 b4+ 48. Kb2 Bf3 49. g5 h5 50. Nd2 Bd5 51. Nf1 Kb5 52. Kc2 Kc5 53. Ng3 Be6 54. Ne2 Bg4 55. Nc1 Kd4 56. Kb3 Ke3 57. Kxb4 Kxf4 58. Kc5 Kg3 59. Kd4 Kxh4 60. Ke3 Kg3 0-1

[Event "SVK-chT2C 1819"]
[Site "Slovakia"]
[Date "2018.11.17"]
[Round "3.2"]
[White "Sedlacek, Pavol"]
[Black "Kralovic, Andrej"]
[Result "1-0"]
[WhiteElo "2219"]
[BlackElo "2241"]
[PlyCount "155"]
[EventDate "2018.10.13"]
[EventType "team-tourn"]
[EventRounds "11"]
[EventCountry "SVK"]
[SourceTitle "CBM 187 Extra"]
[Source "ChessBase"]
[SourceDate "2018.11.04"]
[SourceVersion "1"]
[SourceVersionDate "2018.11.04"]
[SourceQuality "1"]
[WhiteTeam "Cadca Caissa"]
[BlackTeam "Zvolen Slavia"]
[WhiteTeamCountry "SVK"]
[BlackTeamCountry "SVK"]

1. d4 Nf6 2. Bf4 e6 3. e3 b6 4. Nd2 Bb7 5. Ngf3 Be7 6. h3 c5 7. c3 cxd4 8. exd4 0-0 9. Bd3 d6 10. Qe2 Nbd7 11. 0-0 Re8 12. Ba6 Qc8 13. Bxb7 Qxb7 14. Rfe1 Nf8 15. a4 a6 16. Qc4 h6 17. Qb3 Qc6 18. Bg3 b5 19. axb5 axb5 20. Bh4 Ng6 21. Bg3 Nh5 22. d5 Qxd5 23. Qxd5 exd5 24. Nd4 Nxg3 25. fxg3 Ne5 26. Nxb5 Rxa1 27. Rxa1 Rb8 28. Nc7 Rxb2 29. Nf1 Bg5 30. Nxd5 Rb5 31. Rd1 Rc5 32. h4 Bd8 33. Nfe3 Ba5 34. Nf5 Bxc3 35. Nxd6 Ng4 36. Nf5 Bd4+ 37. Kf1 Rxd5 38. Ne7+ Kh7 39. Nxd5 Be5 40. Rd3 h5 41. Ke2 g6 42. Rb3 Nh6 43. Re3 Bd4 44. Re7 Kg8 45. Kf3 Kf8 46. Re4 Bb2 47. Rb4 Ba1 48. Ne3 Bc3 49. Rb8+ Kg7 50. g4 hxg4+ 51. Nxg4 Nf5 52. g3 Be1 53. Nf2 Bc3 54. Rb7 Nd4+ 55. Kg2 Ne6 56. Ne4 Bd4 57. g4 Kf8 58. g5 Kg7 59. Nf2 Kg8 60. Ng4 Bg7 61. Kg3 Nd4 62. Kf4 Ne6+ 63. Ke3 Be5 64. Kf3 Bg7 65. Nf6+ Kf8 66. Kg4 Nd8 67. Rb8 Ke7 68. Ra8 Ne6 69. Re8+ Kd6 70. Ng8 Bf8 71. Ra8 Bg7 72. h5 gxh5+ 73. Kxh5 Nf4+ 74. Kg4 Ne6 75. Nh6 Nc5 76. Nxf7+ Ke7 77. Ra7+ Kf8 78. Nd6 1-0

[Event "SVK-chT2C 1819"]
[Site "Slovakia"]
[Date "2018.10.13"]
[Round "1.2"]
[White "Lukac, Roman"]
[Black "Kralovic, Andrej"]
[Result "0-1"]
[WhiteElo "2080"]
[BlackElo "2246"]
[PlyCount "68"]
[EventDate "2018.10.13"]
[EventType "team-tourn"]
[EventRounds "11"]
[EventCountry "SVK"]
[SourceTitle "CBM 187 Extra"]
[Source "ChessBase"]
[SourceDate "2018.11.04"]
[SourceVersion "1"]
[SourceVersionDate "2018.11.04"]
[SourceQuality "1"]
[WhiteTeam "Banska Bystrica Kurta"]
[BlackTeam "Zvolen Slavia"]
[WhiteTeamCountry "SVK"]
[BlackTeamCountry "SVK"]

1. e4 e5 2. Nf3 Nc6 3. Bb5 Nf6 4. d3 Bc5 5. c3 0-0 6. 0-0 d6 7. h3 Bb6 8. Nbd2 Ne7 9. Nc4 Ng6 10. Ba4 h6 11. a3 Be6 12. Nxb6 axb6 13. Bc2 Nh7 14. d4 Qf6 15. Kh2 Nf4 16. Bxf4 Qxf4+ 17. g3 Qf6 18. Ng1 Qe7 19. f4 Bc4 20. Re1 Qf6 21. fxe5 Qf2+ 22. Kh1 dxe5 23. d5 Qxg3 24. Qf3 Qh4 25. a4 Ng5 26. Qg2 f5 27. b3 fxe4 28. bxc4 Rf2 29. Rxe4 Rxg2 30. Rxh4 Rxc2 31. Rg4 Rf8 32. Rg2 Rxc3 33. h4 Nf3 34. Rg3 e4 0-1

[Event "SVK-chT1W 1617"]
[Site "Slovakia"]
[Date "2016.12.10"]
[Round "5.4"]
[White "Kralovic, Andrej"]
[Black "Dujava, Daniel1111"]
[Result "1-0"]
[WhiteElo "2201"]
[BlackElo "2113"]
[PlyCount "79"]
[EventDate "2016.10.15"]
[EventType "team-tourn"]
[EventRounds "11"]
[EventCountry "SVK"]
[SourceTitle "EXT 2018"]
[Source "ChessBase"]
[SourceDate "2017.10.13"]
[SourceVersion "1"]
[SourceVersionDate "2017.10.13"]
[SourceQuality "1"]
[WhiteTeam "Bratislava KSN"]
[BlackTeam "Bratislava Lokomotiva"]
[WhiteTeamCountry "SVK"]
[BlackTeamCountry "SVK"]

1. e4 c5 2. Nf3 e6 3. b3 b6 4. Bb2 Bb7 5. Qe2 d6 6. g3 Nd7 7. Bg2 Ngf6 8. d3 Be7 9. Nbd2 Qc7 10. 0-0 0-0 11. Ng5 Rfe8 12. f4 g6 13. c4 Bf8 14. Rae1 h6 15. e5 Bxg2 16. Kxg2 Nh5 17. Nge4 d5 18. cxd5 exd5 19. Nc3 d4 20. Nd5 Qd8 21. Qf3 f5 22. exf6 Ndxf6 23. Rxe8 Qxe8 24. Nc7 Qe3 25. Qxe3 dxe3 26. Nxa8 exd2 27. Rd1 Nd5 28. Rxd2 Kf7 29. Be5 Nhf6 30. Nc7 Nb4 31. Kf3 Nd7 32. d4 Nc6 33. dxc5 Nxc5 34. Nd5 Ke6 35. Bh8 g5 36. fxg5 hxg5 37. Ne3 Ne5+ 38. Bxe5 Kxe5 39. Rd5+ Kf6 40. Rf5+ 1-0

[Event "SVK-chT2A 1617"]
[Site "Slovakia"]
[Date "2016.12.03"]
[Round "5.1"]
[White "Schwarz, Dusan"]
[Black "Kralovic, Andrej"]
[Result "1-0"]
[WhiteElo "2303"]
[BlackElo "2201"]
[PlyCount "195"]
[EventDate "2016.10.08"]
[EventType "team-tourn"]
[EventRounds "11"]
[EventCountry "SVK"]
[SourceTitle "EXT 2018"]
[Source "ChessBase"]
[SourceDate "2017.10.13"]
[SourceVersion "1"]
[SourceVersionDate "2017.10.13"]
[SourceQuality "1"]
[WhiteTeam "Bratislava Doprastav"]
[BlackTeam "Bratislava Doprastav II"]
[WhiteTeamCountry "SVK"]
[BlackTeamCountry "SVK"]

1. d4 Nf6 2. c4 e6 3. Nc3 Bb4 4. f3 0-0 5. a3 Bxc3+ 6. bxc3 Ne8 7. e4 b6 8. Bd3 Ba6 9. Be3 Nc6 10. Nh3 Na5 11. Qe2 Nd6 12. e5 Ndxc4 13. Bg5 f6 14. exf6 gxf6 15. Qe4 f5 16. Qh4 Qe8 17. Be7 Nb3 18. Bxf8 Qxf8 19. Ra2 Kh8 20. 0-0 Qg7 21. Nf4 Rg8 22. g4 Qg5 23. Qxg5 Rxg5 24. Rg2 Nbd2 25. Rff2 fxg4 26. Rxd2 Nxd2 27. Rxd2 gxf3+ 28. Kf2 Bb7 29. Ke3 e5 30. Nh3 exd4+ 31. cxd4 Ra5 32. Rc2 c5 33. dxc5 Rxa3 34. cxb6 axb6 35. Rb2 Bc6 36. Rxb6 Kg7 37. Rb4 h6 38. Nf2 Rc3 39. Rg4+ Kf7 40. Rf4+ Kg7 41. Rf5 Ra3 42. Rf4 Rb3 43. Rd4 Ra3 44. Rd6 Rb3 45. Rg6+ Kf7 46. Rxh6 Rb2 47. Rh4 Kf8 48. Be4 Rb3+ 49. Nd3 Bb5 50. Rf4+ Kg7 51. Rxf3 Bxd3 52. Bxd3 Rb2 53. h3 Rh2 54. Kf4 d5 55. Ke5 Rh1 56. Kxd5 Ra1 57. Ke5 Ra5+ 58. Kf4 Ra7 59. Kg5 Ra3 60. h4 Rc3 61. h5 Rc5+ 62. Bf5 Rb5 63. Rc3 Rb8 64. Rc7+ Kh8 65. Kh6 Re8 66. Bg6 Rf8 67. Kg5 Rb8 68. Rc5 Rf8 69. h6 Rb8 70. h7 Rf8 71. Kh6 Rd8 72. Rc6 Rb8 73. Kg5 Rb5+ 74. Bf5 Rb8 75. Be6 Rb5+ 76. Kf6 Rb8 77. Rc1 Rb2 78. Rg1 Rd2 79. Rg8+ Kxh7 80. Rg3 Rh2 81. Rg7+ Kh8 82. Rd7 Rh6+ 83. Kf5 Rf6+ 84. Ke5 Rf8 85. Bf5 Re8+ 86. Kf6 Rf8+ 87. Kg6 Rg8+ 88. Kh6 Re8 89. Bg6 Rf8 90. Rc7 Rd8 91. Bf7 Rd6+ 92. Kg5 Kg7 93. Be6+ Kh8 94. Kf6 Rb6 95. Rc2 Rb7 96. Rc8+ Kh7 97. Bf5+ Kh6 98. Rh8+ 1-0

[Event "SVK-chT1W 1617"]
[Site "Slovakia"]
[Date "2016.11.19"]
[Round "3.4"]
[White "Janko, Michal"]
[Black "Kralovic, Andrej"]
[Result "1-0"]
[WhiteElo "2247"]
[BlackElo "2201"]
[PlyCount "201"]
[EventDate "2016.10.15"]
[EventType "team-tourn"]
[EventRounds "11"]
[EventCountry "SVK"]
[SourceTitle "EXT 2018"]
[Source "ChessBase"]
[SourceDate "2017.10.13"]
[SourceVersion "1"]
[SourceVersionDate "2017.10.13"]
[SourceQuality "1"]
[WhiteTeam "Gabcikovo Russel"]
[BlackTeam "Bratislava KSN"]
[WhiteTeamCountry "SVK"]
[BlackTeamCountry "SVK"]

1. e4 e5 2. Nf3 Nc6 3. Nc3 Nf6 4. Bb5 Bd6 5. d3 h6 6. h3 a6 7. Bxc6 dxc6 8. Be3 Qe7 9. Qe2 Bc5 10. 0-0-0 Bd7 11. Nd2 Bb4 12. Ncb1 Be6 13. a3 Bd6 14. d4 exd4 15. Bxd4 Bc5 16. Qe3 Bxd4 17. Qxd4 0-0 18. g4 Rfd8 19. Qe3 Nd7 20. f4 Qc5 21. Qg3 f6 22. h4 Bf7 23. g5 Kf8 24. gxh6 gxh6 25. e5 fxe5 26. Nc3 Ke7 27. Nde4 exf4 28. Nxc5 fxg3 29. Rhe1+ Ne5 30. Rxe5+ Kf6 31. Rde1 Rd4 32. R5e4 Rxe4 33. N3xe4+ Kf5 34. Rf1+ Kg4 35. Rxf7 g2 36. Rg7+ Kh3 37. Nf2+ Kh2 38. Ng4+ Kh1 39. Nf2+ Kh2 40. Ng4+ Kh1 41. Nxh6 b6 42. Ne6 Rh8 43. Nf5 g1Q+ 44. Rxg1+ Kxg1 45. Kd2 Kf2 46. Kd3 Rh7 47. b4 Ke1 48. Neg7 Kf2 49. h5 Kf3 50. Nd4+ Kf4 51. Kc4 Ke4 52. Ngf5 b5+ 53. Kc5 Rxh5 54. Kxc6 Rh3 55. Kxc7 Rxa3 56. Kc6 Ra4 57. Kc5 Ra3 58. Nd6+ Ke5 59. Nc6+ Ke6 60. Nd4+ Ke5 61. Nc6+ Ke6 62. Ne4 Re3 63. Kd4 Re1 64. Nb8 Rd1+ 65. Kc3 Kd5 66. Nd2 Ra1 67. Nb3 Ra2 68. Na5 Kd6 69. Nxa6 Ra3+ 70. Kb2 Rh3 71. Nc5 Kc7 72. Nd3 Kb6 73. Nb3 Rh2 74. Nd4 Rh4 75. Kc3 Rh3 76. Ne6 Rh6 77. Nef4 Rh2 78. Ne5 Rh4 79. Nd5+ Kb7 80. Kd3 Rh8 81. Kd4 Rc8 82. c3 Re8 83. Nf6 Rd8+ 84. Nfd7 Rc8 85. Nc5+ Kb6 86. Kd5 Rc7 87. Ned7+ Ka7 88. Kd6 Rc8 89. Nf6 Rf8 90. Nd5 Rc8 91. Ne7 Rd8+ 92. Kc6 Re8 93. Nd5 Rb8 94. Nd7 Rd8 95. Nc7 Rc8 96. Nb6 Rb8 97. Nxb5+ Ka6 98. Nc7+ Ka7 99. Nbd5 Rc8 100. b5 Kb8 101. b6 1-0

[Event "SVK-chT2A 1516"]
[Site "Slovakia"]
[Date "2016.03.12"]
[Round "10.3"]
[White "Kralovic, Andrej"]
[Black "Jablonicky, Frantisek"]
[Result "1-0"]
[WhiteElo "2226"]
[BlackElo "2118"]
[PlyCount "111"]
[EventDate "2015.10.17"]
[EventType "team-tourn"]
[EventRounds "11"]
[EventCountry "SVK"]
[SourceTitle "EXT 2017"]
[Source "ChessBase"]
[SourceDate "2016.10.25"]
[SourceVersion "1"]
[SourceVersionDate "2016.10.25"]
[SourceQuality "1"]
[WhiteTeam "Bratislava KSN"]
[BlackTeam "Osuske II"]
[WhiteTeamCountry "SVK"]
[BlackTeamCountry "SVK"]

1. e4 c6 2. d4 d5 3. Nd2 dxe4 4. Nxe4 Nf6 5. Nxf6+ gxf6 6. c3 Bf5 7. Nf3 e6 8. g3 Qd5 9. Bg2 Qe4+ 10. Be3 Qc2 11. Nh4 Qxd1+ 12. Rxd1 Bc2 13. Rc1 Bd3 14. Bf1 Bxf1 15. Rxf1 Na6 16. Ke2 h5 17. Rcd1 Bh6 18. Rd3 Ke7 19. Kf3 Bxe3 20. fxe3 f5 21. e4 fxe4+ 22. Kxe4 Rhg8 23. Rdf3 f5+ 24. Kd3 Kd7 25. Re3 Nc7 26. c4 b5 27. b3 bxc4+ 28. bxc4 Rab8 29. Nf3 Rb6 30. Ne5+ Ke7 31. Rf2 Rgb8 32. Ree2 Ra6 33. Rb2 Rbb6 34. Rxb6 Rxb6 35. c5 Ra6 36. Rb2 Nd5 37. Rb7+ Kf8 38. Rb8+ Kg7 39. a4 Rxa4 40. Nxc6 Ra3+ 41. Kc2 a5 42. Kb2 Rd3 43. Nxa5 Rxd4 44. c6 Ra4 45. Rb5 Nc7 46. Kb3 Nxb5 47. Kxa4 Nc3+ 48. Kb4 Nd5+ 49. Kc5 h4 50. gxh4 f4 51. Nc4 f3 52. Kd6 f2 53. Nd2 Kg6 54. Kxe6 Nc7+ 55. Ke5 Kh5 56. Ne4 1-0

[Event "SVK-chT2A 1516"]
[Site "Slovakia"]
[Date "2015.11.08"]
[Round "4.4"]
[White "Kralovic, Andrej"]
[Black "Biro, Karol"]
[Result "1/2-1/2"]
[WhiteElo "2226"]
[BlackElo "2082"]
[PlyCount "107"]
[EventDate "2015.10.17"]
[EventType "team-tourn"]
[EventRounds "11"]
[EventCountry "SVK"]
[SourceTitle "CBM 169 Extra"]
[Source "ChessBase"]
[SourceDate "2015.12.18"]
[SourceVersion "1"]
[SourceVersionDate "2015.12.18"]
[SourceQuality "1"]
[WhiteTeam "Bratislava KSN"]
[BlackTeam "Krasnany"]
[WhiteTeamCountry "SVK"]
[BlackTeamCountry "SVK"]

1. e4 g6 2. d4 c6 3. Nc3 Bg7 4. f4 d5 5. e5 h5 6. Nf3 Nh6 7. Be3 Bg4 8. h3 Bxf3 9. Qxf3 Nf5 10. g3 Nxe3 11. Qxe3 e6 12. 0-0-0 Nd7 13. Bd3 Qe7 14. Kb1 0-0-0 15. Rhf1 Kb8 16. a3 a6 17. Qe2 Ka7 18. Na2 Nb6 19. Nb4 a5 20. Na2 c5 21. Qe1 Nd7 22. Qxa5+ Kb8 23. dxc5 Qxc5 24. Qxc5 Nxc5 25. h4 Bf8 26. Nb4 Be7 27. Rf2 Na4 28. Bb5 Nc5 29. Bd3 Na4 30. Rfd2 Rc8 31. c3 Bxb4 32. cxb4 Nb6 33. Rc1 Rxc1+ 34. Kxc1 Nc8 35. b5 Ne7 36. b4 Rc8+ 37. Kb2 b6 38. Bc2 Nf5 39. Rd3 Rc4 40. Bb1 Kb7 41. Bc2 Re4 42. Rc3 Re2 43. Kc1 Rg2 44. Bxf5 gxf5 45. Kb1 Re2 46. a4 Re4 47. Rb3 Rc4 48. Kb2 Kb8 49. a5 Kb7 50. a6+ Kb8 51. Kb1 Ka7 52. Kb2 Kb8 53. Kb1 Ka7 54. Kb2 1/2-1/2

[Event "SVK-chT2A 1415"]
[Site "Slovakia"]
[Date "2015.03.08"]
[Round "11.2"]
[White "Janko, Michal"]
[Black "Kralovic, Andrej"]
[Result "1-0"]
[WhiteElo "2280"]
[BlackElo "2172"]
[PlyCount "107"]
[EventDate "2014.10.11"]
[EventType "team-tourn"]
[EventRounds "11"]
[EventCountry "SVK"]
[SourceTitle "EXT 2016"]
[Source "ChessBase"]
[SourceDate "2015.10.08"]
[SourceVersion "1"]
[SourceVersionDate "2015.10.08"]
[SourceQuality "1"]
[WhiteTeam "Bratislava Lokomotiva"]
[BlackTeam "Bratislava KSN"]
[WhiteTeamCountry "SVK"]
[BlackTeamCountry "SVK"]

1. Nf3 Nf6 2. c4 b6 3. d4 e6 4. a3 Bb7 5. Nc3 d5 6. cxd5 Nxd5 7. Qc2 Be7 8. e4 Nxc3 9. bxc3 0-0 10. Bd3 c5 11. 0-0 Qc7 12. Qe2 Nd7 13. Bb2 Rfe8 14. Rad1 Rac8 15. h4 e5 16. Bb5 exd4 17. cxd4 cxd4 18. Nxd4 Bd6 19. Nf5 Rxe4 20. Qh5 Bh2+ 21. Kh1 Nf8 22. Bxg7 Be5 23. Bxf8 Rxf8 24. Rd7 Qc3 25. Rxb7 Qb3 26. a4 Kh8 27. Qf3 Qxf3 28. gxf3 Rf4 29. Ng3 a6 30. Bc6 b5 31. axb5 Rxh4+ 32. Kg2 axb5 33. Rxb5 Bc7 34. Be4 Rh6 35. Rb7 Bf4 36. Rd1 Rd6 37. Rxd6 Bxd6 38. Nf5 Bf4 39. Kh3 Bd2 40. Rd7 Be1 41. Kg2 Bb4 42. f4 Bc5 43. Kf3 Ba3 44. Bd5 f6 45. Be4 Bb2 46. Nh6 f5 47. Bxf5 Bg7 48. Nf7+ Kg8 49. Be6 Rb8 50. f5 Ra8 51. Kg4 Ra4+ 52. Kg5 Ra8 53. f6 Ra5+ 54. Ne5+ 1-0

[Event "SVK-chT2A 1415"]
[Site "Slovakia"]
[Date "2015.02.15"]
[Round "9.2"]
[White "Sekera, Branislav"]
[Black "Kralovic, Andrej"]
[Result "0-1"]
[WhiteElo "2207"]
[BlackElo "2172"]
[PlyCount "104"]
[EventDate "2014.10.11"]
[EventType "team-tourn"]
[EventRounds "11"]
[EventCountry "SVK"]
[SourceTitle "EXT 2016"]
[Source "ChessBase"]
[SourceDate "2015.10.08"]
[SourceVersion "1"]
[SourceVersionDate "2015.10.08"]
[SourceQuality "1"]
[WhiteTeam "Trnava Modranka"]
[BlackTeam "Bratislava KSN"]
[WhiteTeamCountry "SVK"]
[BlackTeamCountry "SVK"]

1. d4 Nf6 2. Nf3 e6 3. Bg5 h6 4. Bh4 d6 5. Nbd2 g5 6. Bg3 Nh5 7. e4 Bg7 8. Nb3 Nd7 9. Bc4 a6 10. Be2 Nxg3 11. hxg3 Qe7 12. c3 b6 13. Qc2 Bb7 14. 0-0-0 c5 15. dxc5 Nxc5 16. Nxc5 bxc5 17. Nd2 0-0 18. f4 f5 19. exf5 gxf4 20. Rhe1 Kh8 21. gxf4 Rxf5 22. g3 Bd5 23. Bc4 Qd7 24. Bxd5 exd5 25. Nf3 d4 26. Nh4 Rf7 27. Qe4 Rb8 28. Ng6+ Kg8 29. Qd5 Kh7 30. Qe4 Qf5 31. Qxf5 Rxf5 32. Ne7 Rf7 33. c4 Rb4 34. b3 a5 35. Nd5 Rb8 36. Re6 a4 37. Rd3 Rfb7 38. Kc2 axb3+ 39. axb3 Ra7 40. f5 Ra2+ 41. Kd1 Rf2 42. Ke1 Rxf5 43. g4 Re5+ 44. Rxe5 dxe5 45. Rh3 Kg6 46. Kf2 e4 47. Rh5 Rxb3 48. Nf4+ Kh7 49. Ne6 Rb2+ 50. Kg3 Rb3+ 51. Kf4 e3 52. Rh2 d3 0-1

[Event "SVK-chT2A 1415"]
[Site "Slovakia"]
[Date "2015.02.14"]
[Round "8.2"]
[White "Kralovic, Andrej"]
[Black "Szitkey, Milan"]
[Result "1-0"]
[WhiteElo "2172"]
[BlackElo "2151"]
[PlyCount "75"]
[EventDate "2014.10.11"]
[EventType "team-tourn"]
[EventRounds "11"]
[EventCountry "SVK"]
[SourceTitle "EXT 2016"]
[Source "ChessBase"]
[SourceDate "2015.10.08"]
[SourceVersion "1"]
[SourceVersionDate "2015.10.08"]
[SourceQuality "1"]
[WhiteTeam "Bratislava KSN"]
[BlackTeam "Trnava Lokomotiva II"]
[WhiteTeamCountry "SVK"]
[BlackTeamCountry "SVK"]

1. e4 e6 2. d4 d5 3. Nc3 Bb4 4. e5 c5 5. a3 Bxc3+ 6. bxc3 Ne7 7. Qg4 Qa5 8. Bd2 Qa4 9. Qxg7 Rg8 10. Qxh7 Nbc6 11. Ne2 Bd7 12. f4 cxd4 13. g3 0-0-0 14. Qd3 dxc3 15. Nxc3 Qd4 16. Rb1 Nf5 17. Nb5 Qc5 18. Be2 Ncd4 19. Nxd4 Nxd4 20. Bd1 Bc6 21. Qc3 Qxc3 22. Bxc3 Nxc2+ 23. Bxc2 d4 24. Ba5 d3 25. Ba4 Bxh1 26. Bxd8 Rxd8 27. Kd2 Be4 28. Re1 Bg6 29. h4 Rd5 30. Rc1+ Kb8 31. Be8 a6 32. g4 Rd4 33. Rf1 Rc4 34. f5 exf5 35. gxf5 Bh5 36. e6 fxe6 37. Bxh5 Rxh4 38. f6 1-0